000 00258nam a2200109Ia 4500
005 20251222143204.0
008 251222s9999||||xx |||||||||||||| ||spa||
082 _aREF.203/C76
245 0 _aGlosario:
264 _bConferencia episcopal Peruana
942 _cLIB
999 _c13178
_d13178